Descriptive sociology or Groups of sociological facts / (Record no. 165666)
[ view plain ]
| 000 -LEADER | |
|---|---|
| campo de control de longitud fija | 01069nam a22001815i 4500 |
| 001 - NÚMERO DE CONTROL | |
| campo de control | 165666 |
| 003 - IDENTIFICADOR DE NÚMERO DE CONTROL | |
| campo de control | ES-MaACL |
| 005 - FECHA Y HORA DE LA ÚLTIMA TRANSACCIÓN | |
| campo de control | 20250728105428.0 |
| 008 - DATOS DE LONGITUD FIJA--INFORMACIÓN GENERAL | |
| campo de control de longitud fija | 050906m18731882xxk | |||||||| ||eng d |
| 040 ## - FUENTE DE CATALOGACIÓN | |
| Centro catalogador/agencia de origen | CAM |
| Lengua de catalogación | spa |
| Centro/agencia transcriptor | CAM |
| 100 1# - ENTRADA PRINCIPAL--NOMBRE DE PERSONA | |
| Nombre de persona | Spencer, Herbert, |
| Fechas asociadas al nombre | 1820-1903 |
| 9 (RLIN) | 107684 |
| 245 10 - MENCIÓN DEL TÍTULO | |
| Título | Descriptive sociology or Groups of sociological facts / |
| Mención de responsabilidad, etc. | classified and arranged by Herbert Spencer. |
| 260 ## - PUBLICACIÓN, DISTRIBUCIÓN, ETC. | |
| Lugar de publicación, distribución, etc. | London ; Edinburg : |
| Nombre del editor, distribuidor, etc. | William and Norgate, |
| Fecha de publicación, distribución, etc. | 1873-1881. |
| 300 ## - DESCRIPCIÓN FÍSICA | |
| Extensión | v. ; |
| Dimensiones | 50 cm. |
| 597 ## - NOTA DE DESCRIPCIÓN FÍSICA | |
| NOTA DE DESCRIPCIÓN FÍSICA | T. I: English, 1873 (70 p., [17] h. de lám.) -- T.II: Ancienct American Races, 1874 (72 p., [4] h. de lám.) -- T.III: Lowest Races, Negrittos, Polynesians, 1874 (63 p., [18] h. de lám.) -- T. IV: African Races, 1875 (47 p., [16] h. de lám.)-- T. V: Asiatics Races, 1882 (82 p., [16] h. de lám. --T. VI, American races, 1878 (56 p., [20] h. de lám.) -- T. VII: Hebrews and Phoenicians,1880 (122 p., [6] h. de lám.) -- T. VIII: Frenchs, 1881 (158 p., [24] h. de lám.) |
| 852 ## - LOCALIZACIÓN | |
| Ubicación | ES-MaACL |
| Número de control de estantería | B-7731-7738 |
| Nota libre | -- Enc. hol. |
| Estatus retirado | Estado de pérdida | Estado de daño | No para préstamo | Colección | Biblioteca de origen | Biblioteca actual | Ubicación en estantería | Fecha de adquisición | Fuente de adquisición | Total de préstamos | Signatura topográfica completa | Código de barras | Visto por última vez | Precio de reemplazo | Tipo de ítem Koha |
|---|---|---|---|---|---|---|---|---|---|---|---|---|---|---|---|
| Libros del s. XIX | Biblioteca del Ateneo de Madrid | Biblioteca del Ateneo de Madrid | Sala Pardo Bazán | 17/01/2008 | B-7731-7738 | 1173737 | 23/02/2023 | 23/02/2023 | Libro impreso antiguo |
